000
00476nam a2200169Ia 4500
008
090711s9999 xx 000 0 und d
082
_b
15102
100
_a
कुलकर्णी दत्ता जी.
245
_a
सावज
260
_c
1964
300
_a
134
600
_a
कुलकर्णी दत्ता जी.
630
_a
सावज
700
_a
कुलकर्णी दत्ता जी.
730
_a
सावज
942
_c
BOOK
999
_c
295538
_d
295538